[Event "ISR Ch"]
[Site "Israel"]
[Date "1984.??.??"]
[Round "?"]
[White "Shvidler, Eliahu"]
[Black "Murey, Jacob I"]
[Result "1-0"]
[WhiteElo "2445"]
[BlackElo "2435"]
[PlyCount "49"]
[EventDate "1984.??.??"]
[Source "www.chesslib.no"]
[SourceDate "2004.05.04"]

1. d4 e6 2. c4 f5 3. g3 Nf6 4. Bg2 Bb4+ 5. Bd2 Be7 6. Nc3 O-O 7. Nf3 Ne4 8. d5 Bf6 9. Rc1 Na6 10. O-O Nd6 11. b3 e5 12. Be3 b6 13. Ne1 g5 14. Nd3 Qe7 15. f3 h5 16. Qd2 Bb7 17. f4 gxf4 18. gxf4 e4 19. Ne5 Kh7 20. Kh1 c6 21. Rcd1 Rad8 22. Rg1 Rg8 23. Bh3 Rxg1+ 24. Rxg1 cxd5 25. Nxd5 1-0

[Event "OHRA II (2"]
[Site "Amsterdam OHRA II (2"]
[Date "1986.??.??"]
[Round "?"]
[White "Murey, Jacob I"]
[Black "Eslon, Jaan"]
[Result "1-0"]
[WhiteElo "2460"]
[BlackElo "2415"]
[PlyCount "56"]
[EventDate "1986.??.??"]
[Source "www.chesslib.no"]
[SourceDate "2004.05.04"]

1. c4 f5 2. d4 Nf6 3. g3 e6 4. Bg2 Bb4+ 5. Nd2 O-O 6. Ngf3 d6 7. O-O Bxd2 8. Qxd2 Qe7 9. b3 Ne4 10. Qc2 Nc6 11. Bb2 Bd7 12. a3 Rae8 13. d5 Nd8 14. Nd4 exd5 15. cxd5 c5 16. dxc6 bxc6 17. e3 c5 18. Ne2 Bc6 19. Nf4 Ne6 20. b4 Nxf4 21. exf4 Qb7 22. f3 Nf6 23. bxc5 dxc5 24. Qb3+ Nd5 25. Qb6 Ne3 26. Rac1 Bd5 27. Rfd1 Bxf3 28. Bxf3 Qxf3 1-0

[Event "L.Toth mem"]
[Site "Kecskemet"]
[Date "1983.??.??"]
[Round "?"]
[White "Lukacs, P."]
[Black "Eslon, Jaan"]
[Result "1/2-1/2"]
[WhiteElo "2440"]
[BlackElo "2430"]
[PlyCount "53"]
[EventDate "1983.08.??"]
[Source "www.chesslib.no"]
[SourceDate "2004.05.04"]

1. d4 e6 2. c4 f5 3. g3 Nf6 4. Bg2 Bb4+ 5. Nd2 O-O 6. Ngf3 Ne4 7. O-O Nxd2 8. Bxd2 Bxd2 9. Qxd2 d6 10. Rad1 Nd7 11. Rfe1 Nf6 12. Qb4 Ne4 13. Nd2 Nxd2 14. Qxd2 c6 15. e4 f4 16. gxf4 Qh4 17. d5 exd5 18. cxd5 Rxf4 19. dxc6 bxc6 20. Qe3 Qf6 21. e5 dxe5 22. Qxe5 Bg4 23. Bxc6 Qxc6 24. Qxf4 Bxd1 25. Rxd1 Rf8 26. Qd6 Qc2 27. Qd5+ 1/2-1/2

[Event "Corr"]
[Site "?"]
[Date "2002.06.15"]
[Round "?"]
[White "Rupsys Rimantas (LTU)"]
[Black "Burgarth Ulrich (GER)"]
[Result "1-0"]
[WhiteElo "2367"]
[BlackElo "2499"]
[PlyCount "45"]
[EventDate "2002.??.??"]
[Source "www.chesslib.no"]
[SourceDate "2004.05.04"]

1. d4 e6 2. c4 f5 3. g3 Nf6 4. Bg2 Bb4+ 5. Nd2 O-O 6. Ngf3 b6 7. a3 Be7 8. Ne5 c6 9. O-O Qc7 10. e4 d6 11. Nd3 fxe4 12. Nxe4 Nxe4 13. Bxe4 d5 14. Bg2 Bf6 15. Bf4 Qf7 16. Bd6 Rd8 17. Ne5 Bxe5 18. dxe5 Bb7 19. cxd5 exd5 20. f4 Nd7 21. f5 Ba6 22. Rf4 Nf6 23. Bb4 1-0

[Event "Tel Aviv"]
[Site "Tel Aviv"]
[Date "1991.??.??"]
[Round "4"]
[White "Lev, Ronen"]
[Black "Murey, Jacob"]
[Result "1-0"]
[WhiteElo "2420"]
[BlackElo "2440"]
[PlyCount "99"]
[EventDate "1991.07.??"]
[Source "ChessBase"]

1. d4 f5 2. g3 Nf6 3. Bg2 e6 4. c4 Bb4+ 5. Nd2 O-O 6. Ngf3 a5 7. O-O Be7 8. Qc2 Nc6 9. a3 d5 10. b3 Qe8 11. Bb2 Qh5 12. Ne5 Ra6 13. Ndf3 g5 14. Nxc6 bxc6 15. Ne5 Bd6 16. Nd3 Ra8 17. c5 Be7 18. f3 Nd7 19. e4 fxe4 20. fxe4 Ba6 21. e5 Qg6 22. Rad1 g4 23. Bc1 Rxf1+ 24. Bxf1 Qe4 25. Qf2 Rf8 26. Bf4 Bg5 27. Re1 Qg6 28. Qe3 Bxd3 29. Bxd3 Bxf4 30. gxf4 Qh6 31. Rf1 Rf7 32. Qg3 Kh8 33. f5 exf5 34. Bxf5 Nf8 35. Bxg4 Rxf1+ 36. Kxf1 Ng6 37. Qf2 Qc1+ 38. Kg2 Kg7 39. h4 h5 40. Bf5 Ne7 41. Bd3 Ng8 42. Qg3+ Kf8 43. Qf3+ Kg7 44. Qxh5 Qb2+ 45. Kf3 Qa1 46. Qg4+ Kf8 47. Qf4+ Ke7 48. Kg2 Qb2+ 49. Qf2 Qxb3 50. Bg6 1-0

[Event "Melbourne Masters"]
[Site "Melbourne"]
[Date "1995.??.??"]
[Round "5"]
[White "Reilly, Tim"]
[Black "Johansen, Darryl K"]
[Result "0-1"]
[WhiteElo "2350"]
[BlackElo "2510"]
[PlyCount "74"]
[EventDate "1995.??.??"]
[Source "www.chesslib.no"]
[SourceDate "2004.05.04"]

1. d4 e6 2. c4 f5 3. g3 Nf6 4. Bg2 Bb4+ 5. Bd2 Qe7 6. a3 Bxd2+ 7. Nxd2 O-O 8. Qb3 a5 9. Bxb7 a4 10. Qf3 Bxb7 11. Qxb7 Nc6 12. Qxc7 Nxd4 13. Rc1 Rab8 14. Qe5 Nc6 15. Qc3 Ne4 16. Nxe4 fxe4 17. Nh3 Rb3 18. Qc2 e3 19. fxe3 Rxe3 20. Qd2 Qc5 21. Rf1 Nd4 22. Rxf8+ Kxf8 23. Qxe3 Nc2+ 24. Rxc2 Qxe3 25. Nf2 d6 26. Rc3 Qb6 27. Rc2 h5 28. Rd2 Ke7 29. Kf1 Qb3 30. c5 dxc5 31. Nd1 Qb7 32. Nf2 c4 33. Kg1 Qb6 34. Kf1 Qe3 35. Rc2 Qb3 36. Rd2 c3 37. bxc3 Qxa3 0-1

[Event "Novi Sad olm  HUN-COL"]
[Site "?"]
[Date "1990.??.??"]
[Round "8"]
[White "Horvath, J."]
[Black "Castro, O."]
[Result "1/2-1/2"]
[WhiteElo "2540"]
[BlackElo "2320"]
[PlyCount "70"]
[EventDate "1990.??.??"]
[Source "www.chesslib.no"]
[SourceDate "2004.05.04"]

1. d4 f5 2. g3 Nf6 3. Bg2 e6 4. c4 Bb4+ 5. Nd2 O-O 6. Ngf3 d5 7. O-O b6 8. Ne5 Bb7 9. Qc2 c6 10. Ndf3 Ne4 11. Nd3 Be7 12. Nfe5 Nd7 13. Be3 Bd6 14. cxd5 cxd5 15. Rac1 a6 16. Bf4 Rc8 17. Qa4 b5 18. Rxc8 Qxc8 19. Qd1 Nxe5 20. Bxe5 Be7 21. f3 Nd6 22. b3 Nf7 23. Bf4 Qc3 24. Be3 Rc8 25. Qb1 Bf6 26. Qa1 Qxa1 27. Rxa1 Rc2 28. Kf2 a5 29. Ne1 Rc8 30. Rd1 b4 31. Rd2 Ba6 32. Rc2 Rxc2 33. Nxc2 Nd6 34. Bd2 g5 35. Bf1 Kf7 1/2-1/2

[Event "NLD-ch op"]
[Site "?"]
[Date "1994.??.??"]
[Round "?"]
[White "Van Wely, Loek"]
[Black "Meulders, Richard"]
[Result "1-0"]
[WhiteElo "2560"]
[BlackElo "2300"]
[PlyCount "63"]
[EventDate "1994.06.??"]
[Source "www.chesslib.no"]
[SourceDate "2004.05.04"]

1. d4 f5 2. g3 Nf6 3. Bg2 e6 4. c4 Bb4+ 5. Nd2 O-O 6. Ngf3 d6 7. O-O Bxd2 8. Qxd2 Qe7 9. Qc3 Re8 10. b4 a5 11. b5 Ne4 12. Qa3 Nd7 13. Bb2 b6 14. Ne1 Bb7 15. Nd3 c5 16. bxc6 Bxc6 17. Rac1 Rac8 18. Rfd1 Bb7 19. Qb3 Ba6 20. Ba3 Qf6 21. e3 Qh6 22. Ne1 Ndf6 23. h3 Ng5 24. h4 Nge4 25. Bxd6 Nxd6 26. Qxb6 Bxc4 27. Qxd6 Bxa2 28. Rxc8 Rxc8 29. Ra1 Bd5 30. Nd3 Ne4 31. Qd7 Rf8 32. Nf4 1-0

[Event "Montpellier"]
[Site "Montpellier"]
[Date "1991.??.??"]
[Round "1"]
[White "Lukacs, P."]
[Black "Bricard, Emmanuel"]
[Result "1-0"]
[WhiteElo "2460"]
[BlackElo "2395"]
[PlyCount "79"]
[EventDate "1991.03.??"]
[Source "www.chesslib.no"]
[SourceDate "2004.05.04"]

1. d4 e6 2. c4 f5 3. g3 Nf6 4. Bg2 Bb4+ 5. Nd2 O-O 6. Ngf3 a5 7. O-O b6 8. Ne5 Ra7 9. Nb1 Bd6 10. Nc3 Bb7 11. Bg5 Bxg2 12. Kxg2 Be7 13. Qd3 Qc8 14. Rad1 Ra8 15. f4 Bb4 16. Bxf6 Rxf6 17. Nb1 Bf8 18. Qf3 Qa6 19. Rc1 Ra7 20. Nc3 c6 21. d5 exd5 22. cxd5 b5 23. dxc6 dxc6 24. Rfd1 Qb7 25. Rd8 Rd6 26. Rd1 Rxd1 27. Nxd1 c5 28. Ne3 g6 29. Nd5 Kg7 30. g4 fxg4 31. Qe4 Be7 32. Rxb8 Qxb8 33. Nc6 Qb7 34. Nxa7 Bd8 35. Qe5+ Kh6 36. Qd6 Be7 37. Qxe7 Qxd5+ 38. Kg3 Qd1 39. Qf8+ Kh5 40. Qxc5+ 1-0

[Event "ISR-chT"]
[Site "Israel"]
[Date "2001.02.24"]
[Round "3.6"]
[White "Tyomkin, Dimitri"]
[Black "Slutzky, Leonid"]
[Result "1-0"]
[WhiteElo "2492"]
[BlackElo "2361"]
[PlyCount "61"]
[EventDate "2001.02.??"]
[Source "ChessBase"]
[SourceDate "2001.03.20"]

1. d4 e6 2. c4 f5 3. g3 Nf6 4. Bg2 Bb4+ 5. Nd2 O-O 6. Nh3 Nc6 7. d5 Ne7 8. a3 Bxd2+ 9. Qxd2 e5 10. O-O d6 11. Ng5 Qe8 12. c5 h6 13. cxd6 cxd6 14. Ne6 Bxe6 15. dxe6 d5 16. b4 Qc6 17. Bb2 Qxe6 18. b5 Rac8 19. Rac1 b6 20. Bh3 Ne4 21. Qe3 Ng5 22. Bg2 d4 23. Qd3 Qa2 24. Rb1 Ne6 25. Qd1 Qc4 26. e3 dxe3 27. Qd6 exf2+ 28. Rxf2 Rce8 29. Rc1 Qb3 30. Rc3 Nc8 31. Qxf8+ 1-0

[Event "Norilsk"]
[Site "Norilsk"]
[Date "1987.??.??"]
[Round "?"]
[White "Shabalov, Alexander"]
[Black "Naumkin, Igor"]
[Result "1-0"]
[WhiteElo "2375"]
[BlackElo "2470"]
[PlyCount "28"]
[EventDate "1987.??.??"]
[Source "www.chesslib.no"]
[SourceDate "2004.05.04"]

1. d4 e6 2. c4 f5 3. g3 Nf6 4. Bg2 Bb4+ 5. Nd2 O-O 6. Ngf3 a5 7. O-O b6 8. Ne5 Ra7 9. Nb1 Be7 10. Nc3 Bb7 11. d5 Qc8 12. e4 fxe4 13. Nxe4 Na6 14. Be3 Qe8 1-0

[Event "Berlin GER"]
[Site "Berlin GER"]
[Date "1988.??.??"]
[Round "7"]
[White "Simic, Radoslav"]
[Black "Bednarski, Jacek B"]
[Result "0-1"]
[WhiteElo "2485"]
[BlackElo "2360"]
[PlyCount "86"]
[EventDate "1988.??.??"]
[Source "www.chesslib.no"]
[SourceDate "2004.05.04"]

1. d4 e6 2. c4 f5 3. g3 Nf6 4. Bg2 Bb4+ 5. Bd2 Be7 6. Nf3 d5 7. O-O O-O 8. Qc2 c6 9. Bf4 Ne4 10. Nc3 Nd7 11. Rad1 g5 12. Bc1 g4 13. Ne5 Nxe5 14. dxe5 Qa5 15. Bh6 Nxc3 16. Bxf8 Nxe2+ 17. Qxe2 Bxf8 18. h3 gxh3 19. Bxh3 Bd7 20. g4 f4 21. Rd4 Bh6 22. g5 Bxg5 23. Kh1 Kh8 24. Qh5 Rg8 25. Qf7 Qc5 26. Rfd1 Rg7 27. Qh5 Qe7 28. cxd5 cxd5 29. Rc1 Qd8 30. Qd1 Qb8 31. Qe1 Rg6 32. Rxd5 Bc6 33. Rxc6 bxc6 34. Rd7 Qxb2 35. Rxa7 Rh6 36. Ra8+ Kg7 37. Qd1 Rxh3+ 38. Kg2 Rg3+ 39. Kh1 Qb7 40. fxg3 c5+ 41. Kg1 Qxa8 42. Qd7+ Kh8 43. Qxe6 fxg3 0-1

[Event "Hungary HUN"]
[Site "?"]
[Date "2006.02.12"]
[Round "7"]
[White "Stohl Igor"]
[Black "Mihalko Jozsef"]
[Result "1-0"]
[WhiteElo "2538"]
[BlackElo "2303"]
[PlyCount "75"]
[EventDate "2006.??.??"]
[Source "www.chesslib.no"]
[SourceDate "2004.05.04"]

1. d4 e6 2. g3 f5 3. Bg2 Nf6 4. c4 Bb4+ 5. Nd2 Ne4 6. Ngf3 O-O 7. O-O d5 8. Ne5 c6 9. Ndf3 Bd6 10. Qc2 g5 11. Ne1 Nd7 12. N1d3 Bc7 13. b4 h5 14. a4 Qf6 15. cxd5 exd5 16. b5 Bb6 17. e3 Qh6 18. bxc6 Ndf6 19. a5 Bd8 20. Ba3 Re8 21. f3 h4 22. fxe4 dxe4 23. c7 Be6 24. cxd8=Q Raxd8 25. Nc5 hxg3 26. hxg3 Bd5 27. Rxf5 Rxe5 28. Rxf6 Qxf6 29. dxe5 Qxe5 30. Bb2 Qe7 31. Qc3 Kh7 32. Rd1 Kg6 33. Rxd5 Rxd5 34. Bxe4+ Rf5 35. g4 Qf8 36. Bxf5+ Kh6 37. Ne6 Qg8 38. Qf6+ 1-0

[Event "Ljubljana op"]
[Site "Ljubljana"]
[Date "1996.??.??"]
[Round "9"]
[White "Jelen, Igor"]
[Black "Sale, Srdjan"]
[Result "1/2-1/2"]
[WhiteElo "2400"]
[BlackElo "2440"]
[PlyCount "133"]
[EventDate "1996.??.??"]
[Source "ChessBase"]

1. d4 e6 2. c4 f5 3. g3 Nf6 4. Bg2 Bb4+ 5. Bd2 Qe7 6. Nf3 Bxd2+ 7. Qxd2 Ne4 8. Qc2 Nc6 9. O-O d6 10. d5 Nd8 11. Nd4 O-O 12. dxe6 Nxe6 13. Nxf5 Rxf5 14. Bxe4 Re5 15. Nc3 Ng5 16. Bg2 Nh3+ 17. Kh1 c6 18. Rad1 Be6 19. b3 Rh5 20. Qd3 Rd8 21. e4 Rh6 22. f4 Bc8 23. Ne2 Re8 24. Rd2 Qf7 25. Nd4 Qh5 26. Bf3 Qc5 27. Re2 a5 28. Nc2 Qb6 29. Qd4 Qc7 30. Ne3 Qf7 31. Ng4 Rhe6 32. f5 R6e7 33. f6 Bxg4 34. Bxg4 Ng5 35. Kg2 Rxe4 36. Rxe4 Rxe4 37. Qxd6 g6 38. h4 Ne6 39. Kh3 Nf8 40. Qd8 Re8 41. Qxa5 h5 42. Bf3 Kh7 43. Qc3 Re6 44. g4 hxg4+ 45. Bxg4 Rd6 46. c5 Rd8 47. Re1 Re8 48. Rxe8 Qxe8 49. Qg3 Kg8 50. h5 Qe4 51. Qf3 Qe5 52. h6 Kh7 53. Bc8 Qxc5 54. Bxb7 Ne6 55. Qxc6 Qe3+ 56. Kh2 Qxh6+ 57. Kg1 Qe3+ 58. Kf1 Qd3+ 59. Ke1 Qb1+ 60. Kd2 Qxa2+ 61. Qc2 Qa5+ 62. Qc3 Ng5 63. Kc2 Qf5+ 64. Kb2 Qf2+ 65. Kb1 Qf1+ 66. Ka2 Qf2+ 67. Kb1 1/2-1/2

[Event "masters Open"]
[Site "Kilkenny masters op"]
[Date "1994.??.??"]
[Round "?"]
[White "Baburin, Alexander E"]
[Black "Heidenfeld, Mark"]
[Result "1-0"]
[WhiteElo "2520"]
[BlackElo "2315"]
[PlyCount "69"]
[EventDate "1994.??.??"]
[Source "www.chesslib.no"]
[SourceDate "2004.05.04"]

1. d4 e6 2. c4 f5 3. g3 Nf6 4. Bg2 Bb4+ 5. Nd2 O-O 6. Ngf3 b6 7. O-O Bb7 8. a3 Bxd2 9. Qxd2 Be4 10. b4 d6 11. Bb2 Nbd7 12. Rfd1 Qe7 13. Rac1 Rad8 14. Bh3 Bb7 15. d5 exd5 16. cxd5 Nxd5 17. Nh4 N7f6 18. Nxf5 Qf7 19. Qg5 Qg6 20. Qxg6 hxg6 21. Ne7+ Nxe7 22. Be6+ Rf7 23. Rxc7 Bc8 24. Rxe7 Bxe6 25. Rxe6 d5 26. Bd4 Rff8 27. Rc1 Rfe8 28. Bxf6 gxf6 29. Rxf6 Rxe2 30. Rxg6+ Kf7 31. Rcc6 d4 32. Rgd6 Rxd6 33. Rxd6 Rd2 34. Kf1 Ke7 35. Ke1 1-0

[Event "It Open"]
[Site "Copenhagen DEN"]
[Date "1993.??.??"]
[Round "8"]
[White "Jakobsen, Ole"]
[Black "Ward, Christopher"]
[Result "1-0"]
[WhiteElo "2370"]
[BlackElo "2460"]
[PlyCount "75"]
[EventDate "1993.??.??"]
[Source "www.chesslib.no"]
[SourceDate "2004.05.04"]

1. d4 e6 2. c4 f5 3. g3 Nf6 4. Bg2 Bb4+ 5. Nd2 O-O 6. a3 Bxd2+ 7. Qxd2 a5 8. b3 d6 9. Bb2 Qe7 10. Nf3 Nbd7 11. Qc2 Ne4 12. O-O a4 13. b4 Nb6 14. Rac1 c6 15. Rcd1 Bd7 16. Bc1 Be8 17. Be3 Qd8 18. Nd2 Nxd2 19. Bxd2 d5 20. c5 Nc4 21. Bc1 Bh5 22. Rd3 g5 23. h4 h6 24. hxg5 hxg5 25. f4 g4 26. Rc3 b5 27. cxb6 Qxb6 28. Rxc4 dxc4 29. Qxc4 Be8 30. Qxe6+ Rf7 31. e3 Bd7 32. Qd6 Qb8 33. Qc5 Qa7 34. Qc3 Rc8 35. Bb2 Rh7 36. d5 c5 37. Qf6 Rf8 38. Qg6+ 1-0

[Event "SWE-chT 9899"]
[Site "Sweden"]
[Date "1998.11.07"]
[Round "4"]
[White "Andreasson, Ingvar"]
[Black "Karlsson, Lars"]
[Result "1/2-1/2"]
[WhiteElo "2360"]
[BlackElo "2470"]
[PlyCount "71"]
[EventDate "1998.??.??"]
[Source "www.chesslib.no"]
[SourceDate "2004.05.04"]

1. d4 f5 2. g3 Nf6 3. Bg2 e6 4. c4 Bb4+ 5. Nd2 O-O 6. Ngf3 d6 7. O-O Bxd2 8. Bxd2 Qe7 9. Bg5 h6 10. Bxf6 Qxf6 11. Rc1 Nc6 12. d5 Nd8 13. Nd4 a6 14. dxe6 Nxe6 15. Nxe6 Bxe6 16. b3 Rab8 17. e3 Rfd8 18. Rc2 Bf7 19. Bd5 c6 20. Bxf7+ Kxf7 21. Rd2 Rd7 22. Qf3 Re8 23. Rfd1 Re5 24. Rd4 Ke7 25. b4 g5 26. a3 Qe6 27. Qh5 Re4 28. Rxe4 fxe4 29. Rd4 d5 30. cxd5 Rxd5 31. Rxd5 cxd5 32. Qd1 Kf7 33. Kg2 Kg6 34. Qd4 g4 35. Kg1 Qd6 36. Kg2 1/2-1/2

[Event "CUB-ch"]
[Site "?"]
[Date "1993.??.??"]
[Round "7"]
[White "Vera, Reynaldo"]
[Black "Elissalt Cardenas, Hector"]
[Result "1/2-1/2"]
[WhiteElo "2525"]
[BlackElo "2305"]
[PlyCount "83"]
[EventDate "1993.??.??"]
[Source "www.chesslib.no"]
[SourceDate "2004.05.04"]

1. d4 e6 2. c4 f5 3. g3 Nf6 4. Bg2 Bb4+ 5. Bd2 Qe7 6. Nc3 O-O 7. Nf3 Bxc3 8. Bxc3 Ne4 9. Rc1 d6 10. O-O Nd7 11. Qc2 Ndf6 12. Nd2 Nxc3 13. Qxc3 e5 14. e3 e4 15. f3 exf3 16. Bxf3 c6 17. Rce1 Bd7 18. Qa3 Ne4 19. Nxe4 fxe4 20. Bg2 Bf5 21. Rf4 a6 22. Ref1 Bg6 23. Qa5 c5 24. Qb6 Rxf4 25. Rxf4 Rf8 26. Rxf8+ Kxf8 27. Bh3 Bh5 28. dxc5 dxc5 29. Bc8 Be2 30. Bxb7 Bxc4 31. b3 Bd3 32. Bd5 g5 33. Qh6+ Qg7 34. Qd6+ Qe7 35. Qh6+ Qg7 36. Qd6+ Qe7 37. Qb8+ Kg7 38. Qg8+ Kh6 39. Qe6+ Qxe6 40. Bxe6 Kg6 41. Kf2 Kf6 42. Bg8 1/2-1/2

[Event "SWE Team Ch 9293"]
[Site "Sweden"]
[Date "1993.??.??"]
[Round "7"]
[White "Ingbrandt, Johan"]
[Black "Karlsson, Lars C-G"]
[Result "1/2-1/2"]
[WhiteElo "2345"]
[BlackElo "2480"]
[PlyCount "69"]
[EventDate "1992.??.??"]
[Source "www.chesslib.no"]
[SourceDate "2004.05.04"]

1. d4 e6 2. c4 f5 3. g3 Nf6 4. Bg2 Bb4+ 5. Bd2 Qe7 6. Nf3 O-O 7. O-O Bxd2 8. Qxd2 Ne4 9. Qc2 d6 10. Nc3 Nxc3 11. Qxc3 Nc6 12. d5 Nd8 13. dxe6 Nxe6 14. Nd2 a5 15. f4 Nc5 16. Rfe1 Ne4 17. Qe3 Re8 18. Nxe4 Kh8 19. Red1 b6 20. Rd5 fxe4 21. Rf1 Qf6 22. Rd4 Bb7 23. g4 a4 24. g5 Qf5 25. Bh3 Qf7 26. Bg4 Ra5 27. Qh3 e3 28. Qg3 Rc5 29. b3 axb3 30. axb3 b5 31. f5 bxc4 32. bxc4 Rce5 33. Rdf4 Be4 34. Qh4 g6 35. f6 1/2-1/2

[Event "Novi Sad ol (Men)"]
[Site "Novi Sad YUG"]
[Date "1990.??.??"]
[Round "6"]
[White "Orr, Mark J L"]
[Black "Johansen, Darryl K"]
[Result "0-1"]
[WhiteElo "2375"]
[BlackElo "2445"]
[PlyCount "104"]
[EventDate "1990.11.??"]
[Source "www.chesslib.no"]
[SourceDate "2004.05.04"]

1. d4 e6 2. c4 f5 3. g3 Nf6 4. Bg2 Bb4+ 5. Nd2 O-O 6. Ngf3 d6 7. O-O Bxd2 8. Bxd2 Qe7 9. Bc3 Ne4 10. Qe1 Nd7 11. e3 b6 12. Nd2 Bb7 13. Rc1 c5 14. b3 Ndf6 15. Bb2 Rad8 16. f3 Nxd2 17. Qxd2 e5 18. dxe5 dxe5 19. Qc2 e4 20. Bxf6 Rxf6 21. fxe4 Rfd6 22. Rcd1 Bxe4 23. Bxe4 Qxe4 24. Qxe4 fxe4 25. Rxd6 Rxd6 26. Rf2 Rd1+ 27. Kg2 Rd3 28. Re2 Kf7 29. Kf2 Ke6 30. Re1 Rc3 31. Re2 a6 32. Rb2 b5 33. cxb5 axb5 34. Ke2 Rc1 35. Kd2 Rh1 36. Kc3 Rd1 37. Re2 Rd3+ 38. Kb2 Kd5 39. Kc2 c4 40. bxc4+ bxc4 41. Rd2 Kc5 42. Rf2 Rxe3 43. Rf7 Ra3 44. Rxg7 Kd4 45. Rd7+ Ke3 46. Rxh7 Kf2 47. Kb2 Rf3 48. Rc7 c3+ 49. Kc2 e3 50. Re7 e2 51. Rxe2+ Kxe2 52. a4 Re3 0-1

[Event "Oceanic zt"]
[Site "Gold Coast"]
[Date "1999.04.18"]
[Round "6"]
[White "Feldman, Vladimir"]
[Black "Johansen, Darryl K"]
[Result "1/2-1/2"]
[WhiteElo "2330"]
[BlackElo "2490"]
[PlyCount "43"]
[EventDate "1999.04.13"]
[Source "ChessBase"]
[SourceDate "1999.05.10"]

1. d4 e6 2. c4 f5 3. g3 Nf6 4. Bg2 Bb4+ 5. Bd2 Qe7 6. Nf3 O-O 7. O-O Bxd2 8. Qxd2 Ne4 9. Qc2 d6 10. Nc3 Nxc3 11. Qxc3 Nc6 12. d5 Nd8 13. dxe6 Nxe6 14. e3 Nc5 15. Nd4 Bd7 16. Qc2 a5 17. b3 Rae8 18. a3 Kh8 19. Qc3 Ra8 20. Qc2 Rab8 21. Qc3 Ra8 22. Qc2 1/2-1/2

[Event "Moscow Open"]
[Site "Moscow RUS"]
[Date "1990.??.??"]
[Round "?"]
[White "Zilberstein, Valery I"]
[Black "Naumkin, Igor"]
[Result "1/2-1/2"]
[WhiteElo "2365"]
[BlackElo "2455"]
[PlyCount "52"]
[EventDate "1990.09.??"]
[Source "www.chesslib.no"]
[SourceDate "2004.05.04"]

1. d4 e6 2. c4 f5 3. g3 Nf6 4. Bg2 Bb4+ 5. Nd2 O-O 6. Ngf3 d6 7. O-O Bxd2 8. Bxd2 Qe8 9. c5 dxc5 10. dxc5 e5 11. Bc3 Nc6 12. b4 e4 13. Nd4 Ne7 14. Qb3+ Kh8 15. Bd2 Ned5 16. Bg5 Bd7 17. a4 Qe5 18. e3 c6 19. Rfd1 Qc7 20. Bf1 a5 21. b5 cxb5 22. Bxf6 Nxf6 23. Bxb5 Bxb5 24. Qxb5 Qf7 25. c6 bxc6 26. Qxf5 Qe8 1/2-1/2

[Event "Aalborg Open"]
[Site "Aalborg DEN"]
[Date "1993.??.??"]
[Round "8"]
[White "Ahlander, Bjorn"]
[Black "Fries Nielsen, Jens Ove"]
[Result "1-0"]
[WhiteElo "2415"]
[BlackElo "2400"]
[PlyCount "65"]
[EventDate "1993.??.??"]
[Source "www.chesslib.no"]
[SourceDate "2004.05.04"]

1. d4 e6 2. c4 f5 3. g3 Nf6 4. Bg2 Bb4+ 5. Bd2 Qe7 6. Nf3 O-O 7. O-O Bxd2 8. Qxd2 d6 9. Nc3 Nc6 10. Rae1 e5 11. e4 fxe4 12. Nxe4 Nxe4 13. Rxe4 Bf5 14. Re3 Qf6 15. dxe5 dxe5 16. Qd5+ Kh8 17. Nxe5 Nb4 18. Qa5 Nc2 19. g4 Rae8 20. Nf7+ Qxf7 21. Rxe8 Rxe8 22. Qxf5 Qxf5 23. gxf5 c6 24. Rd1 h5 25. Rd2 Re1+ 26. Bf1 Rc1 27. Kg2 c5 28. Rd8+ Kh7 29. Rd7 Kh6 30. h4 Re1 31. f6 Re6 32. f7 Rg6+ 33. Kh2 1-0

[Event "ch-SWE"]
[Site "Umea"]
[Date "2003.??.??"]
[Round "10"]
[White "Tikkanen, Hans"]
[Black "Karlsson, Lars"]
[Result "0-1"]
[WhiteElo "2335"]
[BlackElo "2475"]
[PlyCount "74"]
[EventDate "2003.06.29"]
[Source "Roberto Alvarez"]
[SourceDate "2003.07.14"]

1. d4 e6 2. g3 f5 3. Bg2 Nf6 4. c4 Bb4+ 5. Bd2 Qe7 6. Nf3 Bxd2+ 7. Nbxd2 d6 8. Qb3 Nc6 9. O-O-O O-O 10. Kb1 Kh8 11. e3 e5 12. h3 a5 13. Rhe1 e4 14. Ng1 Nb4 15. Bf1 c5 16. dxc5 dxc5 17. a3 a4 18. Qc3 Nc6 19. Ne2 Be6 20. Nf4 Bf7 21. Be2 Qe5 22. Rc1 Rfd8 23. Nf1 Qxc3 24. Rxc3 Ne5 25. Rec1 Rd6 26. Ng2 Rad8 27. Ne1 Bh5 28. Bxh5 Nxh5 29. R3c2 Nf6 30. Re2 g6 31. Rc3 Nf3 32. Rc1 Ng1 33. Rec2 Nxh3 34. Ng2 Ng4 35. Nf4 Nhxf2 36. Nd5 Nd3 37. Rd1 Nde5 0-1

[Event "URS-sf"]
[Site "Daugavpils"]
[Date "1989.??.??"]
[Round "?"]
[White "Epishin, Vladimir"]
[Black "Yuneev, Alexey"]
[Result "1/2-1/2"]
[WhiteElo "2460"]
[BlackElo "2345"]
[PlyCount "55"]
[EventDate "1989.11.??"]
[Source "ChessBase"]

1. d4 e6 2. c4 f5 3. g3 Nf6 4. Bg2 Bb4+ 5. Bd2 Bxd2+ 6. Qxd2 d6 7. Nf3 O-O 8. Nc3 Nc6 9. Rd1 Ne7 10. Qc2 Ng6 11. O-O Qe7 12. e3 Bd7 13. Rfe1 Rae8 14. b4 Kh8 15. a4 e5 16. b5 e4 17. Nd2 h5 18. Nd5 Qd8 19. f3 exf3 20. Nxf3 h4 21. Nxf6 Qxf6 22. Qf2 hxg3 23. hxg3 Ne7 24. Nd2 Bc8 25. e4 f4 26. gxf4 Qxf4 27. Qxf4 Rxf4 28. Rf1 1/2-1/2

[Event "Polanica Zdroj"]
[Site "Polanica Zdroj"]
[Date "1972.??.??"]
[Round "15"]
[White "Cobo Arteaga, Eldis"]
[Black "Pytel, Krzysztof"]
[Result "1/2-1/2"]
[WhiteElo "2420"]
[BlackElo "2380"]
[PlyCount "80"]
[EventDate "1972.??.??"]
[Source "www.chesslib.no"]
[SourceDate "2004.05.04"]

1. d4 f5 2. g3 Nf6 3. Bg2 e6 4. c4 Bb4+ 5. Nd2 O-O 6. Ngf3 a5 7. O-O d5 8. Ne5 Nbd7 9. Ndf3 Bd6 10. b3 Ne4 11. Nd3 b6 12. Qc2 Bb7 13. cxd5 exd5 14. Bf4 g5 15. Bxd6 cxd6 16. Rfc1 b5 17. e3 Qe7 18. Nfe1 Rac8 19. Qb2 Nb6 20. Rxc8 Rxc8 21. Rc1 Re8 22. Rc2 h6 23. Qa3 Ra8 24. Qc1 Rc8 25. Rxc8+ Nxc8 26. Bh3 Qd7 27. Qa3 a4 28. Bf1 Qc7 29. Qc1 Qxc1 30. Nxc1 b4 31. h4 Ne7 32. Ng2 Bc6 33. Be2 Kg7 34. Bd3 Kg6 35. Kf1 Nc8 36. Ke1 Nb6 37. Ba6 Nc3 38. Kd2 Ne4+ 39. Ke1 Nc3 40. Kd2 Ne4+ 1/2-1/2

[Event "It Open"]
[Site "?"]
[Date "2002.??.??"]
[Round "3"]
[White "Krallmann Matthias"]
[Black "Berelovich Aleksandar"]
[Result "0-1"]
[WhiteElo "2273"]
[BlackElo "2522"]
[PlyCount "70"]
[EventDate "2002.??.??"]
[Source "www.chesslib.no"]
[SourceDate "2004.05.04"]

1. d4 e6 2. c4 f5 3. g3 Nf6 4. Bg2 Bb4+ 5. Nd2 O-O 6. Ngf3 d6 7. O-O Bxd2 8. Bxd2 Qe7 9. Bc3 Ne4 10. Qc2 Nd7 11. b4 Nxc3 12. Qxc3 e5 13. dxe5 dxe5 14. e4 f4 15. Rfe1 a5 16. a3 Ra6 17. Rad1 axb4 18. axb4 fxg3 19. fxg3 Nf6 20. Nxe5 Re6 21. Nd3 Nxe4 22. Qb2 Nf6 23. Re5 Rd8 24. Rde1 Rxd3 25. Rxe6 Bxe6 26. Bh3 Qd6 27. Bxe6+ Kf8 28. Re2 b6 29. Qa2 Qd4+ 30. Kg2 Re3 31. Rxe3 Qxe3 32. Bf5 g6 33. Bb1 Ke7 34. Qf2 Ng4 35. Qc2 Qe1 0-1

[Event "Bad Woerishofen op"]
[Site "Bad Woerishofen"]
[Date "1999.??.??"]
[Round "4"]
[White "Braun, Peter"]
[Black "Dgebuadze, Alexandre"]
[Result "1/2-1/2"]
[WhiteElo "2254"]
[BlackElo "2541"]
[PlyCount "60"]
[EventDate "1999.??.??"]
[Source "www.chesslib.no"]
[SourceDate "2004.05.04"]

1. d4 e6 2. c4 f5 3. g3 Nf6 4. Bg2 Bb4+ 5. Bd2 Be7 6. Nf3 c6 7. O-O O-O 8. Nc3 d5 9. b3 Qe8 10. Ne5 Nbd7 11. Nd3 Ne4 12. Be1 Bf6 13. e3 b6 14. Rc1 Bb7 15. Ne2 Rc8 16. Bb4 Be7 17. Bxe7 Qxe7 18. Re1 c5 19. cxd5 exd5 20. dxc5 bxc5 21. Rc2 Ndf6 22. Qc1 Ba6 23. Rd1 Rfe8 24. h3 Kh8 25. Ndf4 Bb7 26. Nc3 Rcd8 27. Nxe4 Nxe4 28. Nd3 Rc8 29. Nf4 Rcd8 30. Nd3 Rc8 1/2-1/2